Music Quiz

Random Music or Bands Quiz

Number Bands Quiz Stats

 Plays Quiz Updated Jul 9, 2018

Support Sporcle.
Go Orange.
Score 0/26 Timer 06:00
3 Plays Today
Song Band % Correct
A-B-CJackson Five
82.9%
Whats My Age Again?Blink 182
79.3%
In Da Club50 Cent
73.6%
Kryptonite3 Doors Down
68.1%
Love ShackB-52's
67.7%
I Still Haven't Found What I'm Looking ForU2
60.3%
This LoveMaroon 5
54%
Semi-Charmed LifeThird Eye Blind
49.8%
Red Red WineUB40
44.7%
3 A.M.Matchbox 20
44.3%
100 YearsFive for Fighting
28.7%
Come Original311
28.5%
BrickBen Folds Five
26.8%
Song Band % Correct
The Kill30 Seconds to Mars
25.5%
Head Like a HoleNine Inch Nails
23.8%
I Can't Help Myself (Sugar Pie Honey Bunch)Four Tops
22.1%
End of the RoadBoyz II Men
19.9%
Mama Told Me Not to ComeThree Dog Night
19.6%
Give Me Just One Night (Una Noche)98 degrees
17.9%
What's Up4 Non Blondes
16%
Me So Horny2 Live Crew
15.3%
Aquarius/Let the Sunshine In5th Dimension
12%
These Are Days10,000 Maniacs
11.4%
How Do U Want It2pac
11.1%
Caught Up in You.38 Special
10.1%
Over and OverThe Dave Clark 5
2.7%

You're not logged in!

Compare scores with friends on all Sporcle quizzes.
OR
Log In
Forgot?

From the Vault

Closest Countries to Japan

by Balaitous

Just because you're an island nation doesn't mean you can't have neighbors.
Remove Ads.
Support Sporcle.
Get the best of Sporcle when you Go Orange. This ad-free experience offers more features, more stats, and more fun while also helping to support Sporcle. Thank you for becoming a member.

Show Comments

Extras

Top Quizzes Today


Score Distribution

Your Account Isn't Verified!

In order to create a playlist on Sporcle, you need to verify the email address you used during registration. Go to your Sporcle Settings to finish the process.

Report this User

Report this user for behavior that violates our Community Guidelines.

Details: